Algunos efectos para Centroamérica de los aumentos acordados por la OPEP para el petróleo y que se harán efectivos en 1979 /
Estimación del valor de importaciones de petróleo en 1979 y recomendaciones sobre la crisis energética en Centroamérica. Estima que las importaciones de petróleo y combustibles derivados de este, para 1979, seguirá una tasa normal de crecimiento y recomienda que, debido a que el 92 por ciento de la...
में बचाया:
| निगमित लेखक: | |
|---|---|
| स्वरूप: | मूलपाठ |
| भाषा: | Spanish |
| प्रकाशित: |
Guatemala:
SIECA ;
1979
|
| विषय: | |
| टैग: |
टैग जोड़ें
कोई टैग नहीं, इस रिकॉर्ड को टैग करने वाले पहले व्यक्ति बनें!
|
MARC
| LEADER | 00000 a a2200000 04500 | ||
|---|---|---|---|
| 001 | 20040 | ||
| 003 | cru IIS | ||
| 005 | 20220324091602.0 | ||
| 008 | 220324b1979 gt|||||| |||| 00| 0 spa d | ||
| 020 | |a [sin ISBN] | ||
| 040 | |a Centro de Recursos para el Aprendizaje y la Investigación |b español |c cru IIS | ||
| 090 | |a 08.11.06 S446a | ||
| 110 | |a SIECA | ||
| 245 | |a Algunos efectos para Centroamérica de los aumentos acordados por la OPEP para el petróleo y que se harán efectivos en 1979 / |c SIECA | ||
| 260 | |a Guatemala: |b SIECA ; |c 1979 | ||
| 300 | |a 19 páginas | ||
| 500 | |a Colección Centroamérica | ||
| 520 | |a Estimación del valor de importaciones de petróleo en 1979 y recomendaciones sobre la crisis energética en Centroamérica. Estima que las importaciones de petróleo y combustibles derivados de este, para 1979, seguirá una tasa normal de crecimiento y recomienda que, debido a que el 92 por ciento de la energía comercial centroamericana, depende de la importación de petróleo, se racionalice el consumo y se aprovechen al máximo los recursos de energía locales. Incluye datos estadísticos sobre consumo de combustibles y de petróleo por países y sectores económicos de 1960 en adelante./ACM | ||
| 650 | |a AMERICA CENTRAL |0 TESAUROS | ||
| 650 | |a MCCA |0 TESAUROS | ||
| 650 | |a PETROLEO |0 TESAUROS | ||
| 650 | |a RECURSOS ENERGETICOS |0 TESAUROS | ||
| 650 | |a PUB. SIECA |0 TESAUROS | ||
| 852 | 1 | 1 | |a 08.11.06 S446a |
| 942 | |2 ddc |c LI |h 08.11.06 S446a |k 08.11.06 |m S446a |6 081106_S446A | ||
| 999 | |c 16514 |d 16514 | ||
